Statistics for Πώς λέγεται αυτό το φρούτο;

Click here to take the quiz!

General Stats

  • This quiz has been taken 276 times
  • The average score is 12 of 20

Answer Stats

Answer% Correct
Ανανάς
96%
Καρπούζι
92%
Καρύδα
92%
Ακτινίδιο
91%
Φράουλα
91%
Ρόδι
90%
Σύκο
89%
Αβοκάντο
86%
Μάνγκο
78%
Λωτός
75%
Παπάγια
56%
Κυδώνι
56%
Χουρμάς
47%
Φραγκόσυκο
43%
Μύρτιλο
40%
Φρούτο του πάθους
29%
Κουμκουάτ
29%
Σμέουρο/Φραμπουάζ
23%
Λίτσι
16%
Γκουάβα
8%

Score Distribution

Percentile by Number Answered

Percent of People with Each Score

Your Score History

You have not taken this quiz